Las brujas

Uloženo v:
Podrobná bibliografie
Hlavní autor: Dahl, Roald (Autor)
Médium: Kniha
Jazyk:španělština
Vydáno: Santiago Alfaguara 1997
Vydání:2a. ed
Edice:Infantil
Témata:
Tagy: Přidat tag
Žádné tagy, Buďte první, kdo vytvoří štítek k tomuto záznamu!

MARC

LEADER 00000nam a2200000 a 4500
001 UCH8243
003 CL-VaPUC
008 091127e19970000CL |||||||||||||||||spa|d
020 |a 9582401001 
082 0 4 |a 823  |b DAH  |2 21 
100 0 |a Dahl, Roald  |e author  |9 235 
245 1 4 |a Las brujas 
250 |a 2a. ed 
300 |a 200 p 
942 |c BK 
945 |d 20091127 00:00:00  |a lazolas 
260 |a Santiago  |b Alfaguara  |c 1997 
500 |a Desde 10 años 
650 0 |a Literatura infantil   |9 307465 
650 0 |a Novelas inglesas  |9 265220 
650 7 |a NOVELAS DE MISTERIO  |2 CL-VaPUC  |9 485468 
583 |a last modification  |c 20091127 00:00:00  |k Rodrigo Vera 
490 0 |a Infantil 
999 |c 338475  |d 338473